| 000 | 00713nam a2200253Ia 4500 | ||
|---|---|---|---|
| 001 | Para_4956 | ||
| 003 | CHAP | ||
| 008 | 220125s1914 xx 000 0 und d | ||
| 010 | _a203415 | ||
| 040 | _cCHAP | ||
| 090 | _aPA FOLLETO 2317 | ||
| 100 |
_aKeyser, Alvin _963129 |
||
| 245 |
_aFarm costs on the Colorado Agricultural College Farm / _c Alvin Keyser |
||
| 260 |
_aFort Collins : _b Colorado Agricultural College |
||
| 300 | _a56 p. | ||
| 650 |
_aAgricultura _x Aspectos económicos _x Colorado _91232 |
||
| 901 | _aPA FOLLETO 2317 | ||
| 902 | _aA | ||
| 905 | _a0000001914 FOR 0000000000 00 | ||
| 910 | _a1914 | ||
| 942 | _cPARA | ||
| 942 |
_cPARA _d1 |
||
| 999 |
_c203415 _d203415 |
||